| 000 | 00749nam a22002177a 4500 | ||
|---|---|---|---|
| 999 |
_c2865 _d2865 |
||
| 001 | 3389 | ||
| 003 | BD-DhUAP | ||
| 005 | 20200229113544.0 | ||
| 008 | 200229s2000 us a|||| |||| 00| 0 eng d | ||
| 020 | _a3764362138 | ||
| 040 |
_aBD-DhUAP _bEng _cBD-DhUAP _dBD-DhUAP |
||
| 082 |
_223 _a720.943074 STO |
||
| 100 | _aStock, Wolfgang Jean. | ||
| 245 |
_aKoch + Partner : _bArchitekten und Stadtplaner = Architects and Urban Planners : 1970-2000 / _cWolfgang Jean Stock. |
||
| 260 |
_aBasel : _bBirkhauser, _cc2000. |
||
| 300 |
_a189 pages : _billustrations ; _c28 cm. |
||
| 600 |
_aKoch + Partner _vCatalogs. |
||
| 650 |
_aArchitecture, Postmodern _zGermany _xCatalogs. |
||
| 650 |
_aCity planning _zGermany _xHistory _y20th century. |
||
| 942 |
_2ddc _cBK |
||